Bajo el jacarandá /
Guardado en:
| Autor Principal: | |
|---|---|
| Otros Autores: | |
| Formato: | Libro |
| Idioma: | Undetermined |
| Publicado: |
Buenos Aires :
Edebé,
2014.
|
| Edición: | 1a ed. |
| Series: | Flecos de sol
|
| Materias: | |
| Etiquetas: |
Agregar Etiqueta
Sin Etiquetas, Sea el primero en etiquetar este registro!
|
| LEADER | 01423nam a22003255a 4500 | ||
|---|---|---|---|
| 001 | CEM.cems019558 | ||
| 008 | 220916s2014####ag############000#0#und#d | ||
| 005 | 20221114084835.0 | ||
| 245 | 1 | 0 | |a Bajo el jacarandá / |c Márgara Averbach ; ilustrado por Carlos Vighi. |
| 250 | |a 1a ed. | ||
| 260 | |a Buenos Aires : |b Edebé, |c 2014. | ||
| 300 | |a 32 p. ; |c 20 cm. | ||
| 490 | 1 | |a Flecos de sol | |
| 500 | |a Ministerio de Educación. | ||
| 020 | |a 9789876890854 | ||
| 100 | 1 | |a Márgara Averbach. | |
| 700 | 1 | |a Vighi, Carlos; il. | |
| 653 | |a Literatura Infantil | ||
| 653 | |a Literatura Argentina | ||
| 653 | |a Novelas | ||
| 859 | |a CEMS |b BIB. CEMS - Inicial y Primaria |h A863.4 |i Av35 |k IP |p 5495 |t Ej.1 | ||
| 859 | |a CEMS |b BIB. CEMS - Inicial y Primaria |h A863.4 |i Av35 |k IP |p 5496 |t Ej.2 | ||
| 859 | |a CEMS |b BIB. CEMS - Inicial y Primaria |h A863.4 |i Av35 |k IP |p 5497 |t Ej.3 | ||
| 859 | |a CEMS |b BIB. CEMS - Inicial y Primaria |h A863.4 |i Av35 |k IP |p 5498 |t Ej.4 | ||
| 859 | |a CEMS |b BIB. CEMS - Inicial y Primaria |h A863.4 |i Av35 |k IP |p 5499 |t Ej.5 | ||
| 859 | |a CEMS |b BIB. CEMS - Inicial y Primaria |h A863.4 |i Av35 |k IP |p 5500 |t Ej.6 | ||
| 859 | |a CEMS |b BIB. CEMS - Inicial y Primaria |h A863.4 |i Av35 |k IP |p 5501 |t Ej.7 | ||
| 859 | |a CEMS |b BIB. CEMS - Inicial y Primaria |h A863.4 |i Av35 |k IP |p 5502 |t Ej.8 | ||
| 859 | |a CEMS |b BIB. CEMS - Inicial y Primaria |h A863.4 |i Av35 |k IP |p 5503 |t Ej.9 | ||
| 859 | |a CEMS |b BIB. CEMS - Inicial y Primaria |h A863.4 |i Av35 |k IP |p 5504 |t Ej.10 | ||
